Jobshift : how to prosper in a workplace without jobs

Αποθηκεύτηκε σε:
Λεπτομέρειες βιβλιογραφικής εγγραφής
Κύριος συγγραφέας: Bridges, William 1933-
Μορφή: Βιβλίο
Γλώσσα:English
Δημοσίευση: London : Nicholas Brealey Publishing, c1995
Θέματα:
Ετικέτες: Προσθήκη ετικέτας
Δεν υπάρχουν, Καταχωρήστε ετικέτα πρώτοι!

MARC

LEADER 00000nam a2200000 i 4500
001 1/25871
008 981209s1995 eng d
020 |a 1-86373-878-9 
035 |l 10037442 
040 |a GR-MY-UA  |b gre  |e aacr 
041 0 |a eng 
082 0 |a 650.1 
100 1 |a Bridges, William  |d 1933- 
245 1 0 |a Jobshift :  |b how to prosper in a workplace without jobs /  |c William Bridges 
260 |a London :   |b Nicholas Brealey Publishing,   |c c1995 
300 |a 262 p. 
504 |a Includes bibliographical references and index 
650 0 0 |a Unemployment  |z United States. 
650 0 0 |a Occupations  |z United States. 
650 0 0 |a Labor market  |z United States. 
852 |a INST  |b LESVOS  |e 19981209  |h 650.1 BRI  |p 005100017671  |q 005100017671  |t BK  |y 0 
901 |a BIBL-1999-1 
909 |a Λ  |b 060235 
922 |a 1ΕΛΗ  |b 199810  |c ΚΠΣ/ΤΚ  |d ΠΑΠΑΣΩΤΗΡΙΟΥ 
950 |a 103-1998-07-27